000 00475nam a2200169Ia 4500
001 54885
008 140505s9999 xx 000 0 und d
020 _aNA
040 _cPK-LaUMT
082 _aMAL 333.74
_bEIG-
245 _a8th Miami international conference on alternative energy sources 14-16 December 1987, Miami Beach, Florida
260 _aFlorida,USA:
_bUniversity of Miami,
_c1987
300 _a690 p.
546 _aEN
650 _aEnergy sources
942 _cBK
999 _c52253
_d52253